Religion Quiz

Random Religion Quiz

Mesopotamian Gods and Monsters Quiz Stats

 Plays Quiz not verified by Sporcle

Challenge
Share
Tweet
Embed
Score 0/11 Timer 02:00
0 Plays Today
Description God/Monster % Correct
Goddess of the underworldEreshkigal
83.5%
Demon with the face of a dog and a scaly bodyPazuzu
75.3%
Mythical beast sent to destroy Urick; the constellation Taurusthe Bull of Heaven
72.9%
Terrifying lion-headed birdAnzu
68.2%
lover of EreshkigalNergal
67.1%
Demons of the underworldGalla
65.9%
God of RainAdad
60%
goddess of corn and mother of NannaNinlil
56.5%
Giant forest monsterHuwawa
50.6%
Mighty monster who caused landslidesthe Azag
41.2%
Dumuzi's sister who took his place in the underworldGershtin
41.2%

You're not logged in!

Compare scores with friends on all Sporcle quizzes.
OR
Log In

You Might Also Like...

Show Comments

Extras

Top Quizzes Today


Score Distribution

Your Account Isn't Verified!

In order to create a playlist on Sporcle, you need to verify the email address you used during registration. Go to your Sporcle Settings to finish the process.

Report this User

Report this user for behavior that violates our Community Guidelines.

Details: